Global and regional approaches to arms control in the Middle East : (Record no. 18927)
[ view plain ]
| 000 -LEADER | |
|---|---|
| fixed length control field | 00996cam a22002655a 4500 |
| 001 - CONTROL NUMBER | |
| control field | 17700788 |
| 005 - DATE AND TIME OF LATEST TRANSACTION | |
| control field | 20160117142241.0 |
| 008 - FIXED-LENGTH DATA ELEMENTS--GENERAL INFORMATION | |
| fixed length control field | 130417t2013 gw frb 000 0 eng d |
| 010 ## - LIBRARY OF CONGRESS CONTROL NUMBER | |
| LC control number | 2013938167 |
| 020 ## - INTERNATIONAL STANDARD BOOK NUMBER | |
| International Standard Book Number | 9783642293139 |
| 040 ## - CATALOGING SOURCE | |
| Original cataloging agency | DLC |
| Language of cataloging | eng |
| Transcribing agency | DLC |
| Modifying agency | DLC |
| -- | EG-ScBUE |
| 043 ## - GEOGRAPHIC AREA CODE | |
| Geographic area code | aw----- |
| 082 04 - DEWEY DECIMAL CLASSIFICATION NUMBER | |
| Edition number | 22 |
| Classification number | 327.1740956 |
| Item number | SEL |
| 100 1# - MAIN ENTRY--PERSONAL NAME | |
| Personal name | Selim, Gamal M. |
| 9 (RLIN) | 37308 |
| 245 10 - TITLE STATEMENT | |
| Title | Global and regional approaches to arms control in the Middle East : |
| Remainder of title | a critical assessment from the Arab world / |
| Statement of responsibility, etc | Gamal M. Selim. |
| 260 ## - PUBLICATION, DISTRIBUTION, ETC. (IMPRINT) | |
| Place of publication, distribution, etc | Heidelberg : |
| Name of publisher, distributor, etc | Springer, |
| Date of publication, distribution, etc | c.2013. |
| 300 ## - PHYSICAL DESCRIPTION | |
| Extent | x, 121 p. ; |
| Dimensions | 24 cm. |
| 490 0# - Series Statement | |
| Series statement | SpringerBriefs in environment, security, development and peace., Mediterranean studies ;, v.4. |
| -- | Mediterranean studies ; |
| Volume/sequential designation | v. 4. |
| 504 ## - BIBLIOGRAPHY, ETC. NOTE | |
| Bibliography, etc | Includes bibliographical references. |
| 541 ## - IMMEDIATE SOURCE OF ACQUISITION NOTE | |
| Source of acquisition | Gamal M. Selim. |
| 650 #7 - SUBJECT ADDED ENTRY--TOPICAL TERM | |
| Topical term or geographic name as entry element | Arms control |
| Geographic subdivision | Middle East. |
| 9 (RLIN) | 37307 |
| Source of heading or term | BUEsh |
| 651 ## - SUBJECT ADDED ENTRY--GEOGRAPHIC NAME | |
| Source of heading or term | BUEsh |
| 653 ## - INDEX TERM--UNCONTROLLED | |
| Resource For college | BAEPS, Political Science |
| Arrived date list | January2015 |
| -- | January2016 |
| 942 ## - ADDED ENTRY ELEMENTS (KOHA) | |
| Source of classification or shelving scheme | Dewey Decimal Classification |
| Call number prefix | 327.1740956 SEL |
| Withdrawn status | Item status | Source of classification or shelving scheme | Damaged status | Not for loan | Vendor | Home library | Current library | Shelving location | Date acquired | Source of acquisition | Cost, normal purchase price | Serial Enumeration / chronology | Total Checkouts | Total Renewals | Full call number | Barcode | Date last seen | Date last borrowed | Cost, replacement price | Koha item type |
|---|---|---|---|---|---|---|---|---|---|---|---|---|---|---|---|---|---|---|---|---|
| Dewey Decimal Classification | Baccah | Central Library | Central Library | First floor | 21/01/2015 | 426.00 | 21291 | 2 | 14 | 327.1740956 SEL | 000037351 | 15/07/2025 | 10/03/2019 | 533.00 | Book - Borrowing | |||||
| Dewey Decimal Classification | Central Library | Central Library | First floor | 17/01/2016 | Donation | 1 | 7 | 327.1740956 SEL | 000031476 | 15/07/2025 | 13/02/2022 | Book - Borrowing |